Fluid Dynamics: (Record no. 213511)

MARC details
000 -LEADER
fixed length control field 00619nam a22001937a 4500
005 - DATE AND TIME OF LATEST TRANSACTION
control field 20250929163402.0
010 ## - LCCN (DPL NO)
LC control number ENG-146888
020 ## - INTERNATIONAL STANDARD BOOK NUMBER
International Standard Book Number 9789358703566
Terms of availability 725.00
035 ## - SYSTEM CONTROL NUMBER
System control number EN-130420
037 ## - SOURCE OF ACQUISITION
Source of stock number/acquisition DBAD
082 ## - DEWEY DECIMAL CLASSIFICATION NUMBER
Edition number 13
Classification number 532.05
100 ## - MAIN ENTRY--PERSONAL NAME
Personal name M.D. Raisinghania
245 ## - TITLE STATEMENT
Title Fluid Dynamics:
Statement of responsibility, etc M.D. Raisinghania
Remainder of title With Complete Hydrodynamics And Boundary Layer Theory/
250 ## - EDITION STATEMENT
Edition statement 1
260 ## - PUBLICATION, DISTRIBUTION, ETC. (IMPRINT)
Place of publication, distribution, etc Uttar Pradesh
Name of publisher, distributor, etc S. Chand Publishing
Date of publication, distribution, etc 2025
270 ## - ADDRESS
Address D-92, Sector-2, Noida
City Uttar Pradesh
Postal code 201301
Telephone number 61-120-4682700
300 ## - PHYSICAL DESCRIPTION
Extent vpp.
Dimensions 24cm(pb)
942 ## - ADDED ENTRY ELEMENTS (KOHA)
Source of classification or shelving scheme Dewey Decimal Classification
Item type English Books
Classification part 532.05
Call number suffix RAI
Holdings
Withdrawn status Lost status Not for loan Collection code Home library Current library Date acquired Source of acquisition Cost, normal purchase price Full call number Barcode Copy number Cost, replacement price Koha item type
      Non-fiction Central Library Central Library 29/09/2025 Delivery of Books Act Division 725.00 532.05 RAI EN-130420 1 725.00 English Books

© Delhi Public Library
Hit Counter
free hit counter